1359 1731 1571 1395 1233 1238 1036 1256 1575 1564 1569 1367 1849 1367 1119 1368 1014 1605 1580 1477 1785 1023 1024 1467 1147 1714 1313 1384 1440 1792 1826 1037 1259 1425 1643 1652 1618 1248 1955 1242 1747 1818 1036 1221 1953 1036 1173 1617 1716 1271 1945 1787 1598 1205 1751 1654 1404 1558 1673 1918 1793 1402 1027 1399 1061 1102 1593 1569 1925 1742 1221 1174 1867 1065 1513 1163 1937 1272 1586 1708 1341 1654 1700 1124 1996 1300 1262 1843 1207 1668 1892 1025 1397 1792 1969 1631 1309 1244 1507 BCNSPRNW ULIB Ver.6.0+V

เปลี่ยนเป็นภาษาไทย

Change to English
 แสดงรายละเอียดบรรณานุกรม
  กลับหน้าหลัก

Brief Record : Get Marc (ISO 2709) : E-mail record : QR code < ปิดหน้าต่าง
LEADER : 00000nam 2200000uu 4500
001    13399111305
003     ULIB
008    110622s||||||||th 000 0 tha d
020    9745719498 (ล.2)
020    9789745719491
050  4 BF713^bศ243จ ล.2 2549
100 0  ศรีเรือน แก้วกังวาล
245 10 จิตวิทยาพัฒนาการชีวิตทุกช่วงวัย เล่ม2/^cศรีเรือน แก้วกังวาล
250    พิมพ์ครั้งที่ 9
260    กรุงเทพฯ :^bภาควิชาจิตวิทยา คณะศิลปศาสตร์มหาวิทยาลัยธรรมศาสตร์,^c2549
300    2 เล่ม :^bภาพประกอบ ;^c27 ซม.
650  7 จิตวิทยาพัฒนาการ
710 2  มหาวิทยาลัยธรรมศาสตร์. ^bคณะศิลปศาสตร์. ^bภาควิชาจิตวิทยา
945    ^p290^l0^i020116
945    ^p290^l0^i020115
945    ^p290^l0^i020114
945    ^p290^l0^i020117
995    ทศพร
999 ^a ใช้งานได้ทุกระบบ
รายการนี้ยังไม่มีแท็ก
คุณยังไม่ได้ล็อกอิน คุณสามารถมีกิจกรรมร่วมกับเว็บไซต์ได้ แต่ต้องล็อกอินก่อน ::
  ล็อกอิน

รายการสื่อสารสนเทศ

ลำดับที่ ประเภท เลขเรียก/บาร์โค้ด สถานที่ สถานะ
1. วิทยาศาสตร์การแพทย์ และสุขภาพ
วิทยาศาสตร์การแพทย์ และสุขภาพ
BF713 ศ243จ ล.2 2549 ฉ.2 
  Barcode: 020115
ห้องสมุดวิทยาเขตสวรรค์ประชารักษ์
►ส่วนจัดเก็บหนังสือเก่า สปร
บนชั้น
  ขอยืม

รายการใกล้เคียง
    ผู้แต่ง [ศรีเรือน แก้วกังวาล]

    หัวเรื่อง [จิตวิทยาพัฒนาการ]

BibComment


ยังไม่เคยถูกคอมเมนท์

คอมเมนท์ทรัพยากรรายการนี้
  คอมเมนท์: จิตวิทยาพัฒนาการช..


 Copyright 2026. Bcnsprnw @Library